|
|
|
|
| LEADER |
00000cam a2200000 a 4500 |
| 001 |
vtls001348994 |
| 003 |
SK-MaSNL |
| 005 |
20260302070855.0 |
| 008 |
250312s1966 xo 000 0 slo |
| 015 |
|
|
|a SNBA1966
|
| 035 |
|
|
|a SNK000302288
|
| 035 |
|
|
|a urn:nbn:sk:snk-amk5g6
|
| 035 |
|
|
|a urn:nbn:sk:snk-am0055ak
|
| 035 |
|
|
|a 8C3A5728-EDA8-45BC-9455-586CF4581AA7
|
| 040 |
|
|
|a SNK
|b slo
|c SNK
|e AACR2
|
| 041 |
0 |
|
|a slo
|
| 044 |
|
|
|a xo
|c SK
|
| 080 |
|
|
|a 581.54(437.63)
|2 1981
|
| 080 |
|
|
|a 551.5(437.63)
|2 1981
|
| 245 |
0 |
0 |
|a Klimatické a fenologické pomery Východoslovenského kraja
|c kolektív pracovníkov Hydrometeorologického ústavu, pobočky v Bratislave ; [zostavil Štefan Petrovič]
|
| 260 |
|
|
|a Praha
|b Hydrometeorologický ústav
|c 1966
|
| 300 |
|
|
|a 275 s.
|b mapy, tab.
|c 32 cm
|
| 504 |
|
|
|a Bibliogr. odkazy
|
| 650 |
0 |
7 |
|a fenológia
|2 SNKPH
|9 753
|
| 650 |
0 |
7 |
|a klimatológia
|2 SNKPH
|9 752
|
| 651 |
|
7 |
|a Východoslovenský kraj (Slovensko)
|2 SNKPH
|9 161537
|
| 700 |
1 |
|
|a Petrovič, Štefan,
|d 1906-2000
|4 com
|9 201413
|
| 852 |
|
|
|a Slovenská národná knižnica
|
| 958 |
|
|
|a OND
|
| 958 |
|
|
|a NB
|
| 999 |
|
|
|c 1149401
|d 1151331
|
| 952 |
|
|
|a SNK
|b SNK
|y PREZ
|7 0
|p 17A0837770
|o snkSB 12635
|0 0
|1 0
|4 0
|d 2012-07-30
|f 1
|l 0
|r 2025-03-06 00:00:00
|w 2026-02-24
|
| 952 |
|
|
|t P60, <04>, [BOOK], {604}
|a SNK
|b SNK
|y VYP
|7 0
|p 17A0169094
|o snkSB 12635 D1
|0 0
|1 0
|4 0
|d 1998-11-19
|l 0
|r 2005-01-02 00:00:00
|w 2026-02-24
|